al-Munjid : muʻjam madrasī lil-lughah al-ʻArabīyah /

Saved in:

Main Author: Maʻlūf, Luwīs (Author)

Format: Book

Language: Arabic

Published: Bayrūt : al-Maṭbaʻah al-Kāthūlīkīyah, 1949.

Edition: al-Ṭabʻah 11.

Subjects:

Tags: Add Tag

No Tags, Be the first to tag this record!

Call Number: PJ6620 .M3 M9 1949

LEADER 01400nam a2200253Ia 4500
003 OSt
005 20231003073256.0
008 130303s1949 le a d 000 0 ara d
952 |0 0  |1 0  |2 lcc  |4 0  |6 PJ6620 M3 M9 01949  |7 1  |9 50303  |a ARCE  |b ARCE  |d 2023-10-03  |l 0  |o PJ6620 .M3 M9 1949  |p 1029620  |r 2023-10-03 00:00:00  |w 2023-10-03  |y BK 
999 |c 26670  |d 26670 
040 |c ARCE Library 
050 4 |a PJ6620 .M3 M9 1949 
100 1 |6 880-01  |a Maʻlūf, Luwīs,  |e author  |9 35274 
245 1 3 |6 880-02  |a al-Munjid :   |b muʻjam madrasī lil-lughah al-ʻArabīyah /   |c taʼlīf Luwīs Maʼlūf. 
246 3 0 |a Muʻjam madrasī lil-lughah al-ʻArabīyah. 
250 |a al-Ṭabʻah 11. 
264 1 |a Bayrūt :   |b al-Maṭbaʻah al-Kāthūlīkīyah,   |c 1949. 
300 |a 16, 1093, 59 pages :  |b illustrations ;  |c 23 cm. 
500 |a "Maʻriḍ rusūm" : 59 p. (3rd group). 
650 0 |a Arabic language  |v Dictionaries. 
880 1 |6 100-01/(3/r  |a معلوف، لويس.‪‪‪‪‪‪‪‪‪‪‪‪‪‪‪‪‪‪‪‪‪‪‪‪‪‪‪‪‪‪‪‪‪‪‪‪‪‪‪‪‪‪‪‪‪‪‪‪‪‪‪ 
880 1 2 |6 245-02/(3/r  |a المنجد :   |b معجم مدرسي للغة العربية   |c تأليف لويس معلوف.‪‪‪‪‪‪‪‪‪‪‪‪‪‪‪‪‪‪‪‪‪‪‪‪‪‪‪‪‪‪‪‪‪‪‪‪‪‪‪‪‪‪‪‪‪‪‪‪‪‪‪ 
901 |a reviewed 
942 |c BK  |2 lcc